| 000 | 006000000a22001930004500 | ||
|---|---|---|---|
| 090 |
_aAR _b00686 |
||
| 245 | 1 | 0 | _aSmall-scale altitudinal variation in lowland wet tropical forest vegetation |
| 650 | 1 | 4 |
_aFenología _992807 |
| 650 | 1 | 4 |
_aBiogeografía _992747 |
| 650 | 1 | 4 |
_aBosques tropicales _992765 |
| 650 | 1 | 4 |
_aRiqueza de especies _93326 |
| 041 | 0 | _aInglés | |
| 700 | 1 |
_aLieberman, Diana _993832 |
|
| 700 | 1 |
_aHartshorn, Gary S. _97205 |
|
| 700 | 1 |
_aPeralta, Rodolfo _993833 |
|
| 100 | 1 |
_aLieberman, Milton _993834 |
|
| 942 | _cARTICULO | ||
| 773 | 1 |
_tJournal of Ecology _3249 _h73 _q505-516 _d1985 _g73 |
|
| 999 |
_c9777 _d9777 |
||